| 000 | 00496nam a2200157Ia 4500 | ||
|---|---|---|---|
| 003 | GCL | ||
| 008 | 140319s9999 xx 000 0 eng d | ||
| 040 |
_aGCL / _cGCL |
||
| 082 | 0 | 4 |
_aCC _b916 _bH J |
| 100 | 1 | _aHORNMAN'S, FREDERICK | |
| 245 | 1 | 0 |
_aJOURNAL OF FREDERICK HORNMAN'S TRAVELS FROM CAIRO TO MOWZOUK,IN THE YEARS 1797 - 8 / _cHORNMAN'S, FREDERICK |
| 260 |
_a[S.N] : _bDARF PUBLISHERS LIMITED ، _c1985 |
||
| 300 | _a195 | ||
| 650 | 0 | 4 | _aGEOGRAPHY OF AND TRAVEL IN AFRICA |
| 942 |
_2ddc _cBK |
||
| 999 |
_c12957 _d12957 |
||